000 01054nam a2200277 i 4500
001 103324
003 ES-MaACL
005 20250624062925.0
007 t|
008 060215s1969 sp ||||1| spa d
080 _a75 Lorin, Roger (083.82)
100 1 _aLorin, Roger.
_974215
245 1 0 _aRoger Lorin
_b: [exposición, Sala de Santa Catalina del Ateneo de Madrid, abril de 1969] /
_c[Texto: S. de Coninck].
260 _a[Madrid] :
_bPublicaciones Españolas,
_c[1969]
300 _a[8] p. :
_bil. ;
_c28 cm.
490 1 _aCuadernos de arte. Colección ordinaria ;
_v261
600 1 4 _aLorin, Roger-
_vExposiciones.
_974216
610 2 7 _aAteneo de Madrid-
_vExposiciones-
_y1960-1969.
_91920
655 7 _2tgfbne
_9193628
_aCatálogos de exposiciones
700 1 _aConinck, Suzanne de.
_940188
710 2 _aAteneo de Madrid.
_bSala de Santa Catalina.
_91964
830 0 _aCuadernos de arte. Colección ordinaria
_v261
_9180064
852 _aES-MaACL
_j2202-F-25
_9107198
_bR.137159
_cDEPOF
942 _2udc
_cFOLLETOS
999 _c103324
_d103324